[Event "Skopje op"]
[Site "Skopje"]
[Date "2023.12.08"]
[Round "3"]
[White "Eftovski, Mateo"]
[Black "Ilic, Ljubomir"]
[Result "1-0"]
[WhiteElo "1976"]
[BlackElo "2094"]
[PlyCount "85"]
[EventDate "2023.12.06"]
[EventType "swiss"]
[EventRounds "9"]
[EventCountry "MKD"]
[SourceTitle "CB50_2023"]
[SourceDate "2023.12.13"]
[SourceVersion "1"]
[SourceVersionDate "2023.12.13"]
[SourceQuality "1"]

1. d4 Nf6 2. c4 c5 3. d5 b5 4. cxb5 a6 5. e3 g6 6. Nc3 Bg7 7. a4 0-0 8. e4 d6 9. Nf3 axb5 10. Bxb5 Ba6 11. Nd2 Ne8 12. Ra3 Nc7 13. Bxa6 Ncxa6 14. 0-0 Nd7 15. Nb5 Nb4 16. Nc4 Nb6 17. Nxb6 Qxb6 18. Rh3 f5 19. b3 Qd8 20. Bd2 Qd7 21. Bxb4 cxb4 22. Nd4 fxe4 23. Re3 Ra5 24. Nc6 Rc5 25. Rxe4 e6 26. Nxb4 exd5 27. Nxd5 Qb7 28. Ne7+ Kh8 29. Rfe1 Be5 30. f4 Qxe7 31. fxe5 Rxe5 32. Qd4 Re8 33. h3 h5 34. Kh1 Kh7 35. Rxe5 dxe5 36. Qe4 Rb8 37. Qd5 Re8 38. Re4 Qf6 39. a5 Qf1+ 40. Kh2 Rf8 41. Qxe5 Rf5 42. Qg3 Rxa5 43. Qc7+ 1-0

[Event "EU-ch Hybrid U18"]
[Site "Tornelo INT"]
[Date "2021.10.15"]
[Round "6"]
[White "Eftovski, Mateo"]
[Black "Popovich, Alexey"]
[Result "1/2-1/2"]
[WhiteElo "1866"]
[BlackElo "1915"]
[PlyCount "51"]
[EventDate "2021.10.15"]
[EventType "swiss"]
[EventRounds "9"]
[EventCountry "NET"]
[SourceTitle "EXT 2023"]
[Source "ChessBase"]
[SourceDate "2022.10.05"]
[SourceVersion "1"]
[SourceVersionDate "2022.10.05"]
[SourceQuality "1"]
[WhiteTeam "Macedonia"]
[BlackTeam "Russia"]
[WhiteTeamCountry "MKD"]
[BlackTeamCountry "RUS"]

1. Nf3 Nf6 2. b3 d5 3. Bb2 e6 4. e3 Be7 5. d4 0-0 6. Bd3 c5 7. Nbd2 b6 8. Ne5 Bb7 9. 0-0 Nbd7 10. Qe2 Ne4 11. Nxe4 dxe4 12. Ba6 Bxa6 13. Qxa6 Nxe5 14. dxe5 Qc7 15. Rad1 Rad8 16. Qe2 Qc6 17. c4 a6 18. Rxd8 Rxd8 19. Rd1 Rb8 20. h3 g6 21. Qd2 b5 22. Qc2 b4 23. Ra1 Rd8 24. Rd1 Ra8 25. Ra1 a5 26. a4 1/2-1/2

[Event "FRM-ch U18"]
[Site "Struga"]
[Date "2021.06.22"]
[Round "4"]
[White "Eftovski, Mateo"]
[Black "Veljanoski, Andrej"]
[Result "1-0"]
[WhiteElo "1818"]
[BlackElo "2119"]
[PlyCount "87"]
[EventDate "2021.06.19"]
[EventType "swiss"]
[EventRounds "6"]
[EventCountry "MKD"]
[SourceTitle "EXT 2022"]
[Source "ChessBase"]
[SourceDate "2021.10.06"]
[SourceVersion "1"]
[SourceVersionDate "2021.10.06"]
[SourceQuality "1"]

1. d4 Nf6 2. c4 c5 3. d5 e6 4. Nc3 exd5 5. cxd5 d6 6. Nf3 g6 7. Bf4 a6 8. a4 Bg7 9. e3 Bg4 10. Be2 0-0 11. h3 Bxf3 12. Bxf3 Re8 13. 0-0 Qc7 14. Rc1 Nbd7 15. g4 Ne5 16. g5 Nxf3+ 17. Qxf3 Nd7 18. Ne4 Ne5 19. Qg2 Qe7 20. Rfd1 Rad8 21. Kh1 Nd3 22. Rxd3 Qxe4 23. Qxe4 Rxe4 24. Rb3 Re7 25. Bg3 Rdd7 26. Rc4 Be5 27. f4 Bg7 28. Kg2 f5 29. Kf3 Kf7 30. Rb6 Ke8 31. Be1 Kd8 32. Ba5 Kc8 33. b4 Kb8 34. bxc5 dxc5 35. Rxc5 Re4 36. d6 Rxa4 37. Rc7 Rxc7 38. dxc7+ Kxc7 39. Rxg6+ Rxa5 40. Rxg7+ Kd6 41. Rxb7 Ra1 42. Rxh7 a5 43. Rf7 a4 44. Rxf5 1-0

[Event "Wch FIDE Online U18 Europe qual"]
[Site "Tornelo INT"]
[Date "2020.12.08"]
[Round "4"]
[White "Eftovski, Mateo"]
[Black "Stefansson, Vignir Vatnar"]
[Result "0-1"]
[WhiteElo "1714"]
[BlackElo "2183"]
[PlyCount "50"]
[EventDate "2020.12.07"]
[EventType "swiss (rapid)"]
[EventRounds "7"]
[EventCountry "ISS"]
[SourceTitle "EXT 2022"]
[Source "ChessBase"]
[SourceDate "2021.10.06"]
[SourceVersion "1"]
[SourceVersionDate "2021.10.06"]
[SourceQuality "1"]

1. d4 f5 2. Nf3 Nf6 3. c4 g6 4. Nc3 Bg7 5. Bf4 d6 6. e3 e6 7. Qc2 Nc6 8. a3 0-0 9. Be2 Qe7 10. Bg3 h6 11. d5 Nd8 12. dxe6 Nxe6 13. Nd5 Qf7 14. 0-0 Ne4 15. Bd3 c6 16. Nb4 a5 17. Na2 N6c5 18. Rad1 Be6 19. Bxe4 Nxe4 20. Bxd6 Nxd6 21. Rxd6 Bxc4 22. Nh4 Bxf1 23. Kxf1 Qxa2 24. Rxg6 Qd5 25. g3 Rad8 0-1

[Event "Wch FIDE Online U18 Europe qual"]
[Site "Tornelo INT"]
[Date "2020.12.07"]
[Round "2"]
[White "Eftovski, Mateo"]
[Black "Michaelides, Konstantinos"]
[Result "1/2-1/2"]
[WhiteElo "1714"]
[BlackElo "1996"]
[PlyCount "154"]
[EventDate "2020.12.07"]
[EventType "swiss (rapid)"]
[EventRounds "7"]
[EventCountry "ISS"]
[SourceTitle "EXT 2022"]
[Source "ChessBase"]
[SourceDate "2021.10.06"]
[SourceVersion "1"]
[SourceVersionDate "2021.10.06"]
[SourceQuality "1"]

1. d4 Nf6 2. c4 e6 3. Nc3 Bb4 4. Nf3 0-0 5. Qc2 c5 6. dxc5 Bxc5 7. e3 b6 8. a3 a5 9. Be2 Bb7 10. 0-0 Nc6 11. b3 Qe7 12. Rd1 Rac8 13. Bb2 Bd6 14. Nb5 Bb8 15. Qd2 d5 16. cxd5 Nxd5 17. Rac1 Rfd8 18. Qe1 e5 19. Bc4 Nf6 20. Ng5 Rf8 21. e4 Ne8 22. Qe3 h6 23. Nf3 Nd6 24. Qxb6 Nxc4 25. Rxc4 Rfd8 26. Rdc1 g5 27. Qe3 Ba6 28. a4 Nb4 29. Rxc8 Bxc8 30. Ne1 Be6 31. h3 Bd6 32. Rd1 Bc7 33. Rxd8+ Qxd8 34. Nxc7 Qxc7 35. Nf3 f6 36. Bc3 Na2 37. Bd2 Qc2 38. Qa7 Qxe4 39. Qxa5 Bxb3 40. Qd8+ Kg7 41. Qe7+ Bf7 42. a5 Qe2 43. Qb7 Qd1+ 44. Kh2 Qa4 45. a6 Qb3 46. Kg1 h5 47. Kh2 g4 48. hxg4 hxg4 49. Nh4 Qd5 50. Nf5+ Kh7 51. Qxd5 Bxd5 52. Ne7 Be4 53. a7 f5 54. Nc8 f4 55. Nb6 Kh6 56. a8Q Bxa8 57. Nxa8 e4 58. Bxf4+ Kg6 59. Bd2 Kf5 60. Kg3 Ke5 61. Kxg4 Kd4 62. Kf4 Kd3 63. Be3 Nc3 64. g4 Nd5+ 65. Kf5 Nxe3+ 66. fxe3 Kxe3 67. Nb6 Kd4 68. Nd5 Kxd5 69. g5 e3 70. g6 e2 71. g7 e1Q 72. g8Q+ Kd4 73. Qd8+ Kc4 74. Qc7+ Kd3 75. Qd6+ Ke2 76. Qe5+ Kf2 77. Qxe1+ Kxe1 1/2-1/2

[Event "Balkan-ch U18"]
[Site "Tornelo INT"]
[Date "2020.11.01"]
[Round "7"]
[White "Eftovski, Mateo"]
[Black "Gavrilescu, David"]
[Result "0-1"]
[WhiteElo "1630"]
[BlackElo "2398"]
[PlyCount "68"]
[EventDate "2020.10.31"]
[EventType "swiss"]
[EventRounds "7"]
[EventCountry "NET"]
[SourceTitle "EXT 2023"]
[Source "ChessBase"]
[SourceDate "2022.10.05"]
[SourceVersion "1"]
[SourceVersionDate "2022.10.05"]
[SourceQuality "1"]

1. d4 d5 2. c4 e6 3. Nc3 Bb4 4. Nf3 Nf6 5. Qa4+ Nc6 6. e3 0-0 7. Bd2 dxc4 8. Bxc4 Bd6 9. 0-0 e5 10. Qc2 a6 11. h3 h6 12. Rad1 Qe7 13. Nd5 Nxd5 14. Bxd5 exd4 15. Bxc6 dxe3 16. Bxe3 bxc6 17. Rfe1 Qf6 18. Bd4 Qf5 19. Qc3 Rb8 20. a3 Be6 21. Nd2 Qg6 22. Be5 Bd5 23. f3 Rfe8 24. Bxd6 cxd6 25. Nc4 Rxe1+ 26. Rxe1 Bxc4 27. Qxc4 Rxb2 28. Re2 Rb1+ 29. Kh2 d5 30. Qc5 h5 31. h4 Rb5 32. Qe7 Qf6 33. Qe8+ Kh7 34. Re5 Qxh4+ 0-1

[Event "EU-ch Online U18"]
[Site "Tornelo INT"]
[Date "2020.09.18"]
[Round "3"]
[White "Eftovski, Mateo"]
[Black "Gurner, Jem"]
[Result "1-0"]
[WhiteElo "1818"]
[BlackElo "1800"]
[PlyCount "51"]
[EventDate "2020.09.18"]
[EventType "swiss (rapid)"]
[EventRounds "9"]
[EventCountry "ENG"]
[SourceTitle "CBM 198 Extra"]
[Source "ChessBase"]
[SourceDate "2020.11.30"]
[SourceVersion "1"]
[SourceVersionDate "2020.11.30"]
[SourceQuality "1"]

1. d4 g6 2. e4 Bg7 3. c3 d6 4. f4 Nf6 5. Bd3 0-0 6. Nf3 Bg4 7. 0-0 Nc6 8. h3 Bxf3 9. Qxf3 e5 10. fxe5 dxe5 11. Bg5 exd4 12. Bxf6 Bxf6 13. Qxf6 dxc3 14. Qxc3 Qh4 15. Nd2 Rad8 16. Nf3 Qg3 17. Rad1 Rfe8 18. Bc4 Rxd1 19. Rxd1 Rxe4 20. Rd7 Re7 21. Rxe7 Nxe7 22. Qf6 Qd6 23. Bxf7+ Kf8 24. Be6+ Ke8 25. Qf7+ Kd8 26. Qf8# 1-0

[Event "EU-ch Online U18"]
[Site "Tornelo INT"]
[Date "2020.09.18"]
[Round "2"]
[White "Runets, Ivan"]
[Black "Eftovski, Mateo"]
[Result "1-0"]
[WhiteElo "2262"]
[BlackElo "1818"]
[PlyCount "81"]
[EventDate "2020.09.18"]
[EventType "swiss (rapid)"]
[EventRounds "9"]
[EventCountry "ENG"]
[SourceTitle "CBM 198 Extra"]
[Source "ChessBase"]
[SourceDate "2020.11.30"]
[SourceVersion "1"]
[SourceVersionDate "2020.11.30"]
[SourceQuality "1"]

1. d4 d5 2. c4 c6 3. cxd5 cxd5 4. Nc3 e5 5. e3 exd4 6. exd4 Nf6 7. Nf3 Nc6 8. h3 Bb4 9. Bd3 0-0 10. 0-0 h6 11. Bf4 Bd6 12. Qd2 Re8 13. Rfe1 Be6 14. Bxd6 Qxd6 15. Rac1 Rec8 16. Nb5 Qb8 17. Ne5 a6 18. Nxc6 bxc6 19. Nc3 c5 20. dxc5 Rxc5 21. Qe3 Qd6 22. Qd4 Rac8 23. Rc2 Qc6 24. Rce2 Qb7 25. f4 R5c7 26. Kh2 Rd8 27. Na4 Qa7 28. Qxa7 Rxa7 29. Nc5 Bc8 30. Re7 Rxe7 31. Rxe7 Nd7 32. Nxd7 Bxd7 33. Bxa6 Bc6 34. Bd3 Kf8 35. Rc7 Ba8 36. b4 g6 37. b5 Kg7 38. a4 d4 39. b6 Bd5 40. a5 Ra8 41. a6 1-0

[Event "FRM-ch U18"]
[Site "Ohrid"]
[Date "2020.08.28"]
[Round "5"]
[White "Eftovski, Mateo"]
[Black "Velkovski, Kristijan"]
[Result "1-0"]
[WhiteElo "1791"]
[BlackElo "1799"]
[PlyCount "82"]
[EventDate "2020.08.25"]
[EventType "tourn"]
[EventRounds "7"]
[EventCountry "MKD"]
[SourceTitle "CBM 198 Extra"]
[Source "ChessBase"]
[SourceDate "2020.11.30"]
[SourceVersion "1"]
[SourceVersionDate "2020.11.30"]
[SourceQuality "1"]

1. d4 d5 2. c4 e6 3. Nc3 Nf6 4. Nf3 Nbd7 5. Bf4 c6 6. e3 Be7 7. c5 b6 8. b4 a5 9. a3 0-0 10. Bd3 h6 11. h3 Ba6 12. 0-0 Qc8 13. Qc2 Bxd3 14. Qxd3 axb4 15. axb4 b5 16. Qc2 Nh5 17. Bh2 f5 18. Ra2 g5 19. Rfa1 Rxa2 20. Qxa2 g4 21. Ne5 g3 22. fxg3 Nxe5 23. dxe5 Bg5 24. Qe2 Ng7 25. h4 Bd8 26. Qb2 Bc7 27. Ne2 Qb8 28. g4 fxg4 29. Bf4 Rf5 30. Nd4 Bxe5 31. Nxf5 Bxb2 32. Ne7+ Kf7 33. Bxb8 Bxa1 34. Nxc6 Ke8 35. Na7 Nf5 36. c6 Bc3 37. c7 Ne7 38. c8Q+ Nxc8 39. Nxc8 Bxb4 40. Nd6+ Ke7 41. Nxb5 Kf6 1-0

[Event "Skopje op"]
[Site "Skopje"]
[Date "2019.12.12"]
[Round "9"]
[White "Dimkovski, Stojancho"]
[Black "Eftovski, Mateo"]
[Result "1/2-1/2"]
[WhiteElo "1921"]
[BlackElo "1723"]
[PlyCount "130"]
[EventDate "2019.12.06"]
[EventType "swiss"]
[EventRounds "9"]
[EventCountry "MKD"]
[SourceTitle "CBM 193 Extra"]
[Source "ChessBase"]
[SourceDate "2020.01.31"]
[SourceVersion "1"]
[SourceVersionDate "2020.01.31"]
[SourceQuality "1"]

1. c4 f5 2. g3 Nf6 3. Bg2 g6 4. Nc3 c6 5. Nf3 Bg7 6. 0-0 d6 7. d3 0-0 8. Rb1 Qe8 9. b4 Ng4 10. Qc2 e5 11. Nd2 Nd7 12. b5 Nc5 13. bxc6 bxc6 14. Ba3 g5 15. Bxc5 dxc5 16. Na4 Rf6 17. h3 Nh6 18. Nxc5 Qh5 19. Qa4 Qg6 20. Na6 Bxa6 21. Qxa6 Nf7 22. Qb7 Rf8 23. Qxa7 h5 24. Rb8 h4 25. Rxf8+ Bxf8 26. gxh4 g4 27. Kh1 Qh5 28. Qe3 Bh6 29. f4 Bxf4 30. Rxf4 exf4 31. Qxf4 Qxh4 32. Nf1 Ng5 33. Qg3 Qh6 34. h4 Nf7 35. Ne3 Qh7 36. Qf2 Ne5 37. d4 Ng6 38. Nxg4 Rf8 39. Ne5 Nxe5 40. dxe5 Qh6 41. Qg3+ Kf7 42. Qg5 Qxg5 43. hxg5 c5 44. Bd5+ Kg6 45. Kg2 Kxg5 46. Kf3 Re8 47. e6 Re7 48. a4 Kf6 49. e4 fxe4+ 50. Kxe4 Ra7 51. Bc6 Kxe6 52. Bb5 Kd6 53. Kf5 Rf7+ 54. Kg6 Rf2 55. a5 Kc7 56. Kg5 Ra2 57. a6 Rf2 58. Kg4 Kb6 59. Kg3 Rf8 60. Kg4 Rf7 61. Kg5 Ra7 62. Kf5 Re7 63. Kf4 Re1 64. Kf3 Rb1 65. Ke4 Rd1 1/2-1/2

[Event "Skopje op"]
[Site "Skopje"]
[Date "2019.12.10"]
[Round "7"]
[White "Eftovski, Mateo"]
[Black "Veljanoski, Andrej"]
[Result "0-1"]
[WhiteElo "1723"]
[BlackElo "2029"]
[PlyCount "98"]
[EventDate "2019.12.06"]
[EventType "swiss"]
[EventRounds "9"]
[EventCountry "MKD"]
[SourceTitle "CBM 193 Extra"]
[Source "ChessBase"]
[SourceDate "2020.01.31"]
[SourceVersion "1"]
[SourceVersionDate "2020.01.31"]
[SourceQuality "1"]

1. d4 d5 2. c4 e6 3. Nc3 c6 4. e3 Nf6 5. Nf3 Nbd7 6. Bd3 dxc4 7. Bxc4 b5 8. Bd3 Bd6 9. 0-0 Bb7 10. Qe2 0-0 11. Rd1 Qe7 12. e4 e5 13. dxe5 Nxe5 14. Nh4 Bc8 15. Nf5 Bxf5 16. exf5 Nxd3 17. Qxe7 Bxe7 18. Rxd3 Rad8 19. Rxd8 Rxd8 20. Be3 a6 21. Rc1 c5 22. Kf1 Kf8 23. Ke2 Ke8 24. b3 Kd7 25. Rd1+ Kc6 26. Rxd8 Bxd8 27. Kd3 Nd5 28. Ne4 Be7 29. Bd2 h6 30. Ng3 Bd6 31. Nh5 Be5 32. f4 Ba1 33. g4 Nb6 34. f6 g6 35. Ng3 Bxf6 36. f5 Bg7 37. h4 c4+ 38. bxc4 Nxc4 39. g5 Nxd2 40. Kxd2 h5 41. Kd3 Kd5 42. fxg6 fxg6 43. Ne2 Be5 44. Ng1 Bg3 45. Nf3 a5 46. Kc3 b4+ 47. Kd3 a4 48. Ke3 b3 49. axb3 a3 0-1

[Event "FRM-ch op"]
[Site "Ohrid"]
[Date "2019.08.29"]
[Round "8"]
[White "Eftovski, Mateo"]
[Black "Veljanoski, Andrej"]
[Result "1-0"]
[WhiteElo "1726"]
[BlackElo "2000"]
[PlyCount "59"]
[EventDate "2019.08.24"]
[EventType "swiss"]
[EventRounds "9"]
[EventCountry "MKD"]
[SourceTitle "EXT 2020"]
[Source "ChessBase"]
[SourceDate "2019.10.17"]
[SourceVersion "1"]
[SourceVersionDate "2019.10.17"]
[SourceQuality "1"]

1. d4 Nf6 2. c4 e6 3. Nc3 Bb4 4. a3 Bxc3+ 5. bxc3 0-0 6. Nf3 b6 7. Bg5 Ba6 8. e4 d6 9. e5 dxe5 10. Nxe5 Nbd7 11. Bd3 Qe8 12. f4 Bb7 13. Qe2 c5 14. 0-0 Kh8 15. Rad1 Rc8 16. Bc2 cxd4 17. Ba4 d3 18. Rxd3 Nxe5 19. Bxe8 Nxd3 20. Bxf6 gxf6 21. Qxd3 Rcxe8 22. Qd7 Rb8 23. Rd1 a5 24. Qe7 Kg7 25. Rd3 Be4 26. Rd7 Rbc8 27. Qxe6 f5 28. Rxf7+ Rxf7 29. Qxc8 Rf6 30. Qd7+ 1-0

[Event "FRM-ch op"]
[Site "Ohrid"]
[Date "2019.08.27"]
[Round "6"]
[White "Eftovski, Mateo"]
[Black "Velkoski, Stojan"]
[Result "1/2-1/2"]
[WhiteElo "1726"]
[BlackElo "1389"]
[PlyCount "54"]
[EventDate "2019.08.24"]
[EventType "swiss"]
[EventRounds "9"]
[EventCountry "MKD"]
[SourceTitle "EXT 2020"]
[Source "ChessBase"]
[SourceDate "2019.10.17"]
[SourceVersion "1"]
[SourceVersionDate "2019.10.17"]
[SourceQuality "1"]

1. d4 d5 2. c4 dxc4 3. e3 Nf6 4. Bxc4 e6 5. Nc3 b6 6. Nf3 Bb7 7. 0-0 c5 8. Qe2 cxd4 9. exd4 Be7 10. Rd1 0-0 11. Bg5 Re8 12. Ne5 Nd5 13. Bxe7 Rxe7 14. Bxd5 Bxd5 15. Nxd5 Qxd5 16. Rac1 Nd7 17. Nc6 Ree8 18. a3 a5 19. Rc2 h6 20. b4 axb4 21. axb4 Nb8 22. Ne5 Nd7 23. h3 Rac8 24. Rxc8 Rxc8 25. b5 Kf8 26. Nc6 Nb8 27. Nxb8 Rxb8 1/2-1/2

[Event "EU-ch U18"]
[Site "Bratislava"]
[Date "2019.08.09"]
[Round "8"]
[White "Gloser, David"]
[Black "Eftovski, Mateo"]
[Result "1/2-1/2"]
[WhiteElo "2147"]
[BlackElo "1726"]
[PlyCount "51"]
[EventDate "2019.08.02"]
[EventType "swiss"]
[EventRounds "9"]
[EventCountry "SVK"]
[SourceTitle "CBM 191 Extra"]
[Source "ChessBase"]
[SourceDate "2019.09.30"]
[SourceVersion "1"]
[SourceVersionDate "2019.09.30"]
[SourceQuality "1"]

1. e4 e5 2. Nf3 Nc6 3. Bc4 Bc5 4. c3 Nf6 5. d3 d6 6. Bb3 a6 7. Nbd2 Ba7 8. h3 0-0 9. Nf1 Ne7 10. g4 Ng6 11. Ng3 c6 12. Bg5 h6 13. Bd2 d5 14. g5 hxg5 15. Nxg5 Nf4 16. Qf3 dxe4 17. N3xe4 Nxe4 18. Nxe4 Qxd3 19. Be3 Bxe3 20. fxe3 Bxh3 21. Rg1 Bg2 22. Rxg2 Nxg2+ 23. Qxg2 Qxe3+ 24. Kf1 Rad8 25. Re1 Qh6 26. Ke2 1/2-1/2